| 000 | 01237nam0a2200313 4500 | ||
|---|---|---|---|
| 001 | RU\NLR\bibl\84746 | ||
| 005 | 20260405101822.0 | ||
| 010 |
_a5-88651-068-0 _9200 |
||
| 021 |
_aRU _b1999-49035 _92434 |
||
| 035 | _a(NLR Aleph) 000082762 | ||
| 090 |
_a461482 _c461482 |
||
| 100 | _a20000510d1999 |||y0rusy50 ca | ||
| 101 | 0 | _arus | |
| 102 | _aRU | ||
| 105 | _ay ||||||||| | ||
| 200 | 1 |
_aДогматическое основание метафизических систем _fЛ.В. Денисова _gМ-во внутр. дел Рос. Федерации, Ом. юрид. ин-т |
|
| 210 |
_aОмск _cЮрид. ин-т _d1999 |
||
| 215 |
_a242 с. _d20 |
||
| 320 | _aБиблиогр. в подстроч. прим. | ||
| 606 | 0 |
_aМетафизические системы _91581947 _3RU\NLR\auth\66694362 |
|
| 686 | _aЮ21 | ||
| 700 | 1 |
_4340 _7ca _8rus _aДенисова _bЛ. В. _cд-р филос. наук, полк. полиции _f1957- _gЛюбовь Владиленовна _920684 _3RU\NLR\AUTH\7737696 |
|
| 801 | 0 |
_aRU _bNLR _c20000510 _gPSBO |
|
| 801 | 1 |
_aRU _bNLR _c20000510 |
|
| 830 | _aАвт. раскрыт по кн. | ||
| 852 |
_aNLR _j2000-3/2488 |
||
| 942 | _cBOOK | ||
| 980 | _aNB | ||